LIBRARY & INFORMATION CENTRE, KCAET, TAVANUR

ONLINE PUBLIC ACCESS CATALOGUE (OPAC)

Banking in the British Commonwealth / (Record no. 2128)

MARC details
000 -LEADER
fixed length control field 00300cam a2200121ua 4500
082 ## - DEWEY DECIMAL CLASSIFICATION NUMBER
Classification number 332.1
Item number SAY/BA
100 ## - MAIN ENTRY--AUTHOR NAME
Personal name Sayers, R.S .
245 ## - TITLE STATEMENT
Title Banking in the British Commonwealth /
250 ## - EDITION STATEMENT
Edition statement 1 /
260 ## - PUBLICATION, DISTRIBUTION, ETC. (IMPRINT)
Place of publication :
Name of publisher Oxford at the Clarendon Press ,
Year of publication 1954.
300 ## - PHYSICAL DESCRIPTION
Number of Pages 477 ; .
942 ## - ADDED ENTRY ELEMENTS (KOHA)
Koha item type Books
Holdings
Withdrawn status Lost status Damaged status Home library Current library Date acquired Full call number Accession Number Koha item type
Withdrawn     KAUAET Sanskrit University 07/04/2012 332.1 5073 Books
free website counter